Normal view
MARC view
- MANAGEMENT INFORMATION SYSTEMS; MIS; BUSINESS DATABASE; DATABASE DESIGN; DATABASE MANAGEMENT
Entry Topical Term
001 - CONTROL NUMBER
- control field: 77219
003 - CONTROL NUMBER IDENTIFIER
- control field: NUST
005 - DATE AND TIME OF LATEST TRANSACTION
- control field: 20210628205836.0
008 - FIXED-LENGTH DATA ELEMENTS
- fixed length control field: 210628|| aca||aabn | a|a d
040 ## - CATALOGING SOURCE
- Original cataloging agency: NUST
- Transcribing agency: NUST
150 ## - HEADING--TOPICAL TERM
- Topical term or geographic name entry element: MANAGEMENT INFORMATION SYSTEMS; MIS; BUSINESS DATABASE; DATABASE DESIGN; DATABASE MANAGEMENT
670 ## - SOURCE DATA FOUND
- Source citation: Work cat.: (NUST): Post, Gerald. V 77218, Database management systems,designing and building business applications, 2002
